000 00287nam a2200109Ia 4500
008 230907s9999||||xx |||||||||||||| ||und||
082 _a891.4394
_bQAS
245 0 _aاپنی تلاش, Apni talash /
260 _aLahore :
_bNai Souch Publications,
_c2017
300 _a176 p.
942 _cBK
999 _c601616
_d601616